000
00297nam a2200157Ia 4500
100
_a
Schwartz/Randal l
250
_a
3
942
_c
BK
654
_a
perl
245
_a
Learning Perl
260
_b
Oreilly
_c
2001
082
_a
5.133
_b
SCH
300
_a
316
546
_a
ENGLISH
999
_c
24391
_d
24391